000 00987nam a22002297a 4500
999 _c65404
_d65404
005 20240530110823.0
008 190711s2019 ua a g 000 0 ara d
017 _bمصر. دار الكتب
_a2018/10893
020 _a9789778123128
040 _aEG-CaGPL
_cEG-CaGPL
082 0 4 _221
_a953.0791 /
_bم م
100 0 _aمحمد حسن محمد الباشا
245 1 0 _aمن كنوز الحضارة الاسلامية فى شبه القارة الهندية :
_bاقليم الملتان نموذجا /
_cتأليف محمد حسن محمد الباشا
250 _aط.1
260 _aالقاهرة :
_bالمكتب العربى للمعارف،
_c2019 .
300 _a387 ص. ؛
_c24 سم.
650 0 7 _aالحضارة الاسلامية
_2qrmak
_zشبه القارة الهندية
650 0 7 _aاقليم الملتان
_2qrmak
651 0 7 _2qrmak
_aشبه القارة الهندية
_xتاريخ
942 _2ddc
_cBK